Fundamentals of statistics (Record no. 18532)
[ view plain ]
| 000 -LEADER | |
|---|---|
| fixed length control field | 00738nam a2200253 a 4500 |
| 001 - CONTROL NUMBER | |
| control field | 156108 |
| 003 - CONTROL NUMBER IDENTIFIER | |
| control field | OSt |
| 005 - DATE AND TIME OF LATEST TRANSACTION | |
| control field | 20210928125454.0 |
| 008 - FIXED-LENGTH DATA ELEMENTS--GENERAL INFORMATION | |
| fixed length control field | 180421 ### HIN |
| 020 ## - INTERNATIONAL STANDARD BOOK NUMBER | |
| International Standard Book Number | 9788122505146 |
| 082 ## - DEWEY DECIMAL CLASSIFICATION NUMBER | |
| Classification number | 519 |
| Item number | F98F |
| 100 ## - MAIN ENTRY--PERSONAL NAME | |
| Personal name | Elhance, D. N. |
| 245 ## - TITLE STATEMENT | |
| Title | Fundamentals of statistics |
| Statement of responsibility, etc | by D. N. Elhance; assisted by Veena Elhance and B. M. Aggarwal |
| 250 ## - EDITION STATEMENT | |
| Edition statement | 59th ed. |
| 260 ## - PUBLICATION, DISTRIBUTION, ETC. (IMPRINT) | |
| Place of publication, distribution, etc | Allahabad |
| Name of publisher, distributor, etc | Kitab Mahal |
| Date of publication, distribution, etc | 2016 |
| 300 ## - PHYSICAL DESCRIPTION | |
| Extent | v.p. |
| 500 ## - GENERAL NOTE | |
| General note | Containing more than 750 solved and 1250 problems for review exercise. |
| 653 ## - INDEX TERM--UNCONTROLLED | |
| Uncontrolled term | Statistics |
| 653 ## - INDEX TERM--UNCONTROLLED | |
| Uncontrolled term | Statistics--Methodology |
| 653 ## - INDEX TERM--UNCONTROLLED | |
| Uncontrolled term | Mathematical statistics |
| 700 ## - ADDED ENTRY--PERSONAL NAME | |
| Personal name | Elhance, Veena |
| 700 ## - ADDED ENTRY--PERSONAL NAME | |
| Personal name | Aggarwal, B. M. |
| 942 ## - ADDED ENTRY ELEMENTS (KOHA) | |
| Source of classification or shelving scheme | Dewey Decimal Classification |
| Koha item type | Books |
| Withdrawn status | Lost status | Source of classification or shelving scheme | Damaged status | Not for loan | Collection code | Home library | Current library | Date acquired | Source of acquisition | Total Checkouts | Full call number | Barcode | Date last seen | Date checked out | Price effective from | Koha item type |
|---|---|---|---|---|---|---|---|---|---|---|---|---|---|---|---|---|
| Dewey Decimal Classification | General Text Book | Central University Of Rajasthan | Central University Of Rajasthan | 21/04/2018 | STT | 17 | 519 F98F | 31002 | 02/04/2026 | 23/03/2026 | 02/09/2020 | Books |
